La policía como objeto de estudio: entrevista con Didier Fassin /
Guardat en:
| Autor principal: | |
|---|---|
| Format: | Llibre |
| Idioma: | Spanish |
| Etiquetes: |
Afegir etiqueta
Sense etiquetes, Sigues el primer a etiquetar aquest registre!
|
MARC
| LEADER | 00000nam a22000007a 4500 | ||
|---|---|---|---|
| 003 | cru CIDCACS/IIS | ||
| 005 | 20170720115312.0 | ||
| 007 | ta | ||
| 008 | 170720s2017 ag ||||| |||| 00| 0 spa d | ||
| 999 | |c 19467 |d 19467 | ||
| 040 | |c cru CIDCACS/IIS | ||
| 100 | 1 | |9 5011 |a Lorenz, Mariana | |
| 245 | 1 | 3 | |a La policía como objeto de estudio: |b entrevista con Didier Fassin / |c Mariana Lorenz |
| 300 | |a páginas 23-32 | ||
| 773 | 0 | |0 19022 |9 1045 |a Fundación Friedrich Ebert |d Fundación Friedrich Ebert; Nueva Sociedad |o 18269 |t Nueva Sociedad / | |
| 942 | |2 ddc |c PP | ||
